| 000 | 01061nam a2200265 i 4500 | ||
|---|---|---|---|
| 001 | bg | ||
| 100 | 1 | _aHordejuk, Tadeusz. | |
| 245 | 1 | 0 |
_aStan jakości wód podziemnych na podstawie badań monitoringowych w latach 1996-1997 / _caut. Tadeusz Hordejuk ; współpr. Andrzej Marian Gawin - programy komputerowe ; [Państwowa Inspekcja Ochrony Środowiska]. |
| 260 |
_aWarszawa : _bPIOŚ, _c1998. |
||
| 300 |
_a32, [2] s., [47] s. tabl., [7] k. tabl. złoż. : _bmapy kolor., wykr. ; _c25 cm. |
||
| 490 | 1 | _aBiblioteka Monitoringu Środowiska | |
| 504 | _aBibliogr. s. 27-29. | ||
| 650 | 9 |
_aWody podziemne _xchemia _xbadanie _zPolska _yod 1989 r. |
|
| 650 | 9 |
_aWody podziemne _xhigiena i ochrona _zPolska _yod 1989 r. |
|
| 700 | 1 | _aGawin, Andrzej. | |
| 710 | 0 | _aPaństwowa Inspekcja Ochrony Środowiska | |
| 830 | _aBiblioteka Monitoringu Środowiska | ||
| 020 | _a8372170576 | ||
| 040 | _cBPK | ||
| 041 | 0 | _apl | |
| 080 | _a551.44:556.3:504.4.054](438)"1989/..." | ||
| 920 | _a83-7217-057-6 | ||
| 942 | _cKS | ||
| 008 | s pl f |000 0 pol | ||
| 999 |
_c34747 _d34747 |
||
| 856 |
_uhttp://koha.tu.koszalin.pl/cgi-bin/koha/opac-detail.pl?biblionumber=34747 _yKatalog online BPK |
||